Представление документа в формате MARC21

Поле Инд. ПП Название Значение
Тип записи m
Библиографический уровень m
001 Контрольный номер RU/LIBMSTU/382197980
005 Дата корректировки 20160530103343.8
008 Кодируемые данные 121109|||||||||ru |||||||||||000|||rus||
040 b Код языка каталог. rus
041 0_ a Код языка текста rus
084 a Индекс другой классификации/Индекс ББК 65.03(2)+63.3(2Рос-4Мур)+65.049(2Рос)+65.305.1
090 x Авторский знак П 60
100 1_ a Автор Порцель А. К.
110 2_ a Организация/ юрисдикция Мурманский государственный технический университет
245 10 a Заглавие От "Груманта" до "Арктикугля"
b Продолж. заглавия очерк истории отечественной социально-экономической деятельности на Шпицбергене в XX веке : монография
c Ответственность Федер. агентство по рыболовству, ФГОУ ВПО "Мурман. гос. техн. ун-т"
h Физич. носитель Электронный ресурс
256 a Характеристики компьютерного файла Электрон. текстовые дан. (1 файл : 5 Мб)
260 a Место издания Мурманск
b Издательство Изд-во МГТУ
c Дата издания 2011
500 a Примечание Доступ из локальной сети Мурман. гос. техн. ун-та
500 a Примечание Загл. с экрана
500 a Примечание Имеется печ. аналог 2011 г.
583 x Служебное примечание Арктические исследования
x Служебное примечание Труды преподавателей МГТУ
x Служебное примечание Полнотекстовые документы
x Служебное примечание Краеведческий каталог
650 04 a Основная рубрика Экономическая история-Шпицберген
651 _4 a Географическое наименование Шпицберген, архипелаг
651 _4 a Географическое наименование Арктика
653 0_ a Ключевые слова Горняки; История Арктики; История горного дела; История Шпицбергена; Освоение Арктики; Пирамида рудник; Рудники угольные; Трест "Арктикуголь"; Трест "Грумант"; Трест "Северолес"; Угледобыча; Угольные компании; Электронные версии
a Ключевые слова Исследования арктические
a Ключевые слова Монографии
a Ключевые слова Труды преподавателей МГТУ
856 40 u URL https://elib.mauniver.ru/2011/MN_11_12.pdf
901 t Тип документа m
952 c Вид литературы монография